000
00209nam a22000857a 4500
008
160624b xxu||||| |||| 00| 0 eng d
100
_9
1059
_a
Faulkner, W
245
_a
Faulkner, W
260
_a
N.Y
_b
Vintage Books
_c
1956
999
_c
847
_d
847